[Event "Silkway Cup"]
[Site "T#646345FIDE"]
[Date "2020.05.26"]
[Round "7"]
[White "Diana lomaia"]
[Black "Nino2014"]
[Result "0-1"]
[WhiteElo "1526"]
[BlackElo "1743"]
[Annotator "NA"]
[PlyCount "100"]
[EventDate "2020.05.26"]
[EventType "swiss (blitz)"]

1. d4 {[%emt 0:00:02]} d5 {[%emt 0:00:01]} 2. c4 {[%emt 0:00:01]} e6 {[%emt 0:00:01]} 3. Nf3 {[%emt 0:00:03]} Nf6 {[%emt 0:00:01]} 4. g3 {[%emt 0:00:02]} c5 {[%emt 0:00:05]} 5. Bg2 {[%emt 0:00:02]} Nc6 {[%emt 0:00:01]} 6. cxd5 {[%emt 0:00:04]} exd5 {[%emt 0:00:00]} 7. dxc5 {[%emt 0:00:06]} Bxc5 {[%emt 0:00:02]} 8. O-O {[%emt 0:00:04]} O-O {[%emt 0:00:02]} 9. Bg5 {[%emt 0:00:01]} h6 {[%emt 0:00:09]} 10. Bxf6 {[%emt 0:00:01]} Qxf6 {[%emt 0:00:00]} 11. Nc3 {[%emt 0:00:01]} d4 {[%emt 0:00:02]} 12. Ne4 {[%emt 0:00:03]} Qe7 {[%emt 0:00:02]} 13. Nxc5 {[%emt 0:00:03]} Qxc5 {[%emt 0:00:00]} 14. Rc1 {[%emt 0:00:01]} Qd6 {[%emt 0:00:03]} 15. Qa4 {[%emt 0:00:54]} Be6 {[%emt 0:00:29]} 16. Rfd1 {[%emt 0:00:04]} Rad8 {[%emt 0:00:02]} 17. Rd2 {[%emt 0:00:14]} a6 {[%emt 0:00:15]} 18. Rcd1 {[%emt 0:00:09]} b5 {[%emt 0:00:08]} 19. Qxa6 {[%emt 0:00:14]} Ra8 {[%emt 0:00:20]} 20. Qxb5 {[%emt 0:00:03]} Rfb8 {[%emt 0:00:07]} 21. Qh5 {[%emt 0:00:11]} Rxa2 {[%emt 0:00:26]} 22. Nxd4 {[%emt 0:00:04]} Nxd4 {[%emt 0:00:04]} 23. Rxd4 {[%emt 0:00:01]} Qe7 {[%emt 0:00:13]} 24. b4 {[%emt 0:00:23]} Bb3 {[%emt 0:00:15]} 25. Rd7 {[%emt 0:00:22]} Qxe2 {[%emt 0:00:40]} 26. Qxe2 {[%emt 0:00:12]} Rxe2 {[%emt 0:00:02]} 27. Rd8+ {[%emt 0:00:01]} Rxd8 {[%emt 0:00:01]} 28. Rxd8+ {[%emt 0:00:01]} Kh7 {[%emt 0:00:00]} 29. Bf3 {[%emt 0:00:03]} Rb2 {[%emt 0:00:05]} 30. Be4+ {[%emt 0:00:03]} g6 {[%emt 0:00:04]} 31. Rd7 {[%emt 0:00:08]} Bc4 {[%emt 0:00:06]} 32. Bd3 {[%emt 0:00:17]} Bxd3 {[%emt 0:00:11]} 33. Rxd3 {[%emt 0:00:02]} Rxb4 {[%emt 0:00:00]} 34. Kg2 {[%emt 0:00:01]} Kg7 {[%emt 0:00:00]} 35. Rc3 {[%emt 0:00:02]} g5 {[%emt 0:00:01]} 36. Rc6 {[%emt 0:00:01]} f6 {[%emt 0:00:01]} 37. h3 {[%emt 0:00:01]} h5 {[%emt 0:00:01]} 38. Ra6 {[%emt 0:00:03]} Kg6 {[%emt 0:00:01]} 39. Rc6 {[%emt 0:00:02]} h4 {[%emt 0:00:01]} 40. Ra6 {[%emt 0:00:03]} hxg3 {[%emt 0:00:02]} 41. fxg3 {[%emt 0:00:01]} Rb2+ {[%emt 0:00:02]} 42. Kf3 {[%emt 0:00:02]} Rb3+ {[%emt 0:00:01]} 43. Kg2 {[%emt 0:00:01]} Kf5 {[%emt 0:00:02]} 44. Ra5+ {[%emt 0:00:02]} Ke4 {[%emt 0:00:02]} 45. Ra6 {[%emt 0:00:03]} f5 {[%emt 0:00:01]} 46. Rg6 {[%emt 0:00:03]} Rb2+ {[%emt 0:00:04]} 47. Kg1 {[%emt 0:00:01]} f4 {[%emt 0:00:05]} 48. gxf4 {[%emt 0:00:05]} gxf4 {[%emt 0:00:01]} 49. Rf6 {[%emt 0:00:03]} Kf3 {[%emt 0:00:04]} 50. Rf8 {[%emt 0:00:04]} Kg3 {[%emt 0:00:01] Time (Lag: Av=0.78s, max=1.8s)} 0-1

[Event "Silkway Cup"]
[Site "T#646345FIDE"]
[Date "2020.05.26"]
[Round "7"]
[White "Elene tsotsonava"]
[Black "Belusi"]
[Result "0-1"]
[WhiteElo "1412"]
[BlackElo "2407"]
[PlyCount "76"]
[EventDate "2020.05.26"]
[EventType "swiss (blitz)"]

1. e4 {[%emt 0:00:01]} c6 {[%emt 0:00:02]} 2. d4 {[%emt 0:00:01]} d5 {[%emt 0:00:00]} 3. e5 {[%emt 0:00:01]} Bf5 {[%emt 0:00:02]} 4. h4 {[%emt 0:00:01]} h5 {[%emt 0:00:02]} 5. c4 {[%emt 0:00:01]} e6 {[%emt 0:00:02]} 6. Nc3 {[%emt 0:00:01]} Nd7 {[%emt 0:00:06]} 7. cxd5 {[%emt 0:00:01]} cxd5 {[%emt 0:00:03]} 8. Bg5 {[%emt 0:00:25]} Qb6 {[%emt 0:00:03]} 9. Qd2 {[%emt 0:00:06]} Ne7 {[%emt 0:00:09]} 10. Nge2 {[%emt 0:00:10]} Nc6 {[%emt 0:00:03]} 11. Rd1 {[%emt 0:00:33]} Bg4 {[%emt 0:00:39]} 12. f3 {[%emt 0:00:21]} Bf5 {[%emt 0:00:02]} 13. Ng3 {[%emt 0:00:01]} Bg6 {[%emt 0:00:01]} 14. Bd3 {[%emt 0:00:34]} Bxd3 {[%emt 0:00:04]} 15. Qxd3 {[%emt 0:00:00]} a6 {[%emt 0:00:38]} 16. Be3 {[%emt 0:00:11]} Qxb2 {[%emt 0:00:05]} 17. O-O {[%emt 0:00:27]} Nb4 {[%emt 0:00:05]} 18. Qd2 {[%emt 0:00:06]} Qxd2 {[%emt 0:00:03]} 19. Rxd2 {[%emt 0:00:04]} Nb6 {[%emt 0:00:03]} 20. Rdd1 {[%emt 0:00:27]} Nc4 {[%emt 0:00:02]} 21. Bc1 {[%emt 0:00:01]} Nc6 {[%emt 0:00:07]} 22. f4 {[%emt 0:00:02]} g6 {[%emt 0:00:04]} 23. a4 {[%emt 0:00:06]} Be7 {[%emt 0:00:05]} 24. Bd2 {[%emt 0:00:05]} Bxh4 {[%emt 0:00:05]} 25. Nge2 {[%emt 0:00:01]} Be7 {[%emt 0:00:05]} 26. Be1 {[%emt 0:00:01]} Kd7 {[%emt 0:00:06]} 27. Rb1 {[%emt 0:00:00]} Rhb8 {[%emt 0:00:02]} 28. g3 {[%emt 0:00:05]} Bb4 {[%emt 0:00:08]} 29. Na2 {[%emt 0:00:03]} Bxe1 {[%emt 0:00:03]} 30. Rfxe1 {[%emt 0:00:00]} b5 {[%emt 0:00:02]} 31. Nac3 {[%emt 0:00:04]} b4 {[%emt 0:00:03]} 32. Nd1 {[%emt 0:00:01]} b3 {[%emt 0:00:05]} 33. Ndc3 {[%emt 0:00:03]} Rb4 {[%emt 0:00:02]} 34. Nc1 {[%emt 0:00:03]} Nxd4 {[%emt 0:00:05]} 35. Nd3 {[%emt 0:00:00]} Rbb8 {[%emt 0:00:04]} 36. Nc5+ {[%emt 0:00:01]} Kc6 {[%emt 0:00:06]} 37. Nxb3 {[%emt 0:00:03]} Rxb3 {[%emt 0:00:03]} 38. Rbc1 {[%emt 0:00:01]} Nf3+ {[%emt 0:00:03] Elene tsotsonava resigns (Lag: Av=0.71s, max=1.4s)} 0-1

[Event "Silkway Cup"]
[Site "T#646345FIDE"]
[Date "2020.05.28"]
[Round "8"]
[White "T-sanikidze"]
[Black "KTsa"]
[Result "1/2-1/2"]
[WhiteElo "2767"]
[BlackElo "1665"]
[Annotator "TA"]
[PlyCount "118"]
[EventDate "2020.05.28"]
[EventType "swiss (blitz)"]

{[%evp 9,118,11,10,23,17,21,21,7,12,12,12,8,20,2,35,21,28,39,29,29,31,18,33,41,54,50,179,55,95,-19,-35,-36,-36,-32,-25,-32,-27,-111,-79,-79,-77,-84,-27,-197,-195,-194,-184,-168,-166,-214,-207,-497,-92,-300,-291,-231,-59,-353,-362,-382,-390,-1671,-1670,-909,-275,-1625,-1544,-1372,-1288,-5081,-1560,-29992,-2670,-29993,-5061,-29985,0,-29993,-10522,-29975,-29976,-29991,-1479,-1195,-1085,-29988,-29983,-29983,0,0,0,0,0,0,0,0,0,0,0,0,0,0,0,0,0,0,0,0,0,0,0]} 1. d4 Nf6 2. c4 e6 3. Nf3 b6 4. a3 Ba6 5. Qb3 d5 6. cxd5 {E12: Queen's Indian: Unusual White 4th moves, 4 a3, 4 Nc3 Bb7 5 a3 and 4 Nc3 Bb7 .} exd5 7. Nc3 Be7 8. Bg5 {Black should prevent Bxf6.} c6 9. Bxf6 Bxf6 10. e4 Bxf1 11. Rxf1 {[%cal Re4d5]} dxe4 12. Nxe4 O-O 13. O-O-O $36 {[%mdl 2048] Black is under pressure.} Nd7 14. Rfe1 Qc7 15. Kb1 {[#]} Rfe8 $146 ({Predecessor:} 15... Rae8 16. d5 Rxe4 17. d6 Qd8 18. Rxe4 Nc5 19. Qc2 Nxe4 20. Qxe4 Qe8 21. Qf4 Qe6 {0-1 (41) Rios,C (2435)-Dragun,K (2572) Barcelona 2015}) 16. Re3 Be7 17. Rde1 h6 (17... Rf8 $14) 18. Ka2 (18. Neg5 $1 $18 hxg5 19. Rxe7 Rxe7 20. Rxe7) 18... c5 19. Rc1 ({White should try} 19. Neg5 $16 c4 20. Qb5) 19... Bf8 $11 20. Qc2 Qb7 21. Rd1 cxd4 22. Nxd4 Nc5 {[%cal Rc5e4]} 23. Nc3 (23. f3 $11) 23... Rxe3 24. fxe3 Re8 25. Nf5 Ne4 (25... Qc7 $17 26. Ng3 g6) 26. g4 $2 (26. Nxe4 $11 {and White is okay.} Qxe4 27. Qxe4 Rxe4 28. Rd3) 26... g6 $19 27. Nd4 Nxc3+ 28. Qxc3 Qd5+ 29. Ka1 Bg7 30. Qc7 $2 (30. Rd3) 30... Qe5 $2 (30... Rxe3 $19 {is more deadly.} 31. Qc1 Qe4) 31. Qxa7 $2 (31. Qxe5 $17 {was forced.} Rxe5 32. Rd3) 31... Qxe3 32. Qxb6 Qe5 $2 (32... Qf2 $19 {White must now prevent ...Re4.} 33. Kb1 Rc8) 33. h3 $2 {[%mdl 8192]} (33. Nf3 $1 $15 Qf4 34. Rd8 Rxd8 35. Qxd8+ Kh7 36. Qd1) 33... Rb8 34. Qa6 Rd8 35. Rb1 $2 (35. Qc4) 35... Qxd4 36. Qb5 Qe5 $2 (36... Qd6 {[%cal Rd6a3]} 37. Ka2 Rb8) 37. Qc4 $2 (37. Qxe5 Bxe5 38. Ka2) 37... Rb8 {[%cal Rb8b2]} 38. Qc2 h5 39. gxh5 gxh5 (39... Qd6 $142 40. Ka2 Qd5+ 41. Ka1 Qxh5) 40. Qg2 Qd4 (40... Qe3 $142 41. Qxg7+ Kxg7 42. Rd1 Qb3 $1 {[%mdl 512]} 43. Rg1+ Kh6 $1 {[%mdl 512]} 44. Rg2 Re8 45. Rg1 Re2 46. Rg6+ Kxg6 47. h4 Qxb2#) 41. Qe2 {[#]} Rb3 $1 42. Ka2 Rb8 43. Ka1 {[#]} f5 (43... Qa4 $142 $1 44. Qf3 Rb3 $1 {[%mdl 512]} 45. Qxf7+ Kxf7 46. Rf1+ Kg8 $1 {[%mdl 512]} 47. Rf6 Bxf6 48. Kb1 Rxb2+ 49. Kc1 Qc2#) 44. Qe6+ Kh8 45. Qe2 {[#]} h4 (45... Qa4 $142 $1 46. Qxh5+ Kg8 47. Qf3 Rb3 $1 {[%mdl 512]} 48. Qd5+ Kh8 $1 {[%mdl 512]} 49. Qd8+ Kh7 $1 {[%mdl 512]} 50. Qh8+ Kxh8 51. Ka2 Rxa3+ $1 {[%mdl 512]} 52. bxa3 Qc2+ 53. Rb2 Qxb2#) 46. Qh5+ Kg8 47. Qxf5 Rxb2 48. Qe6+ Kh8 $2 (48... Kh7 {mates} 49. Qf5+ Kh6 50. Qe6+ Kg5 51. Qe7+ Bf6 52. Qxf6+ Qxf6 53. Rxb2 Qf1+ {[%mdl 64] Double Attack} 54. Ka2 Qxh3 55. a4 Qe6+ 56. Ka3 Qd6+ 57. Ka2 h3 58. Re2 {[#]} Qd1 $1 {[%mdl 512]} 59. Rb2 Qxa4+ 60. Kb1 Qd1+ 61. Ka2 Qa4+ 62. Kb1 Qf4 63. Rc2 h2 64. Rc5+ Kg4 65. Rc1 Qxc1+ $1 {[%mdl 512]} 66. Kxc1 Kf4 67. Kd2 h1=Q 68. Kc3 Ke3 69. Kb3 Kd4 70. Kb2 Kc4 71. Kc2 Qg2+ 72. Kd1 Kd3 73. Ke1 Qg1#) 49. Qe8+ $11 {The position is equal.} Kh7 50. Qh5+ Kg8 51. Qe8+ Bf8 {( -> ...Rh2+)} (51... Kh7 $5 52. Qh5+ $8 Kg8 53. Qe8+ Kh7 $11) 52. Rxb2 {[%mdl 4096] Endgame Hoping for Qe6+. KQR-KQB} Qd1+ $1 53. Ka2 {Intending Rg2+ and mate.} Qd5+ 54. Rb3 {Qb5 is the strong threat.} Qd2+ $1 55. Rb2 Qd5+ 56. Ka1 {Strongly threatening Qb8.} Qd1+ $1 57. Rb1 Qd4+ 58. Ka2 {aiming for Qe6+.} Qd2+ 59. Rb2 Qd5+ {And White is the lucky defender. Accuracy: White = 46%, Black = 59%.} 1/2-1/2

[Event "Silkway Cup"]
[Site "T#646345FIDE"]
[Date "2020.05.28"]
[Round "8"]
[White "Durarbeyli Vasif"]
[Black "Maghala77"]
[Result "0-1"]
[WhiteElo "2736"]
[BlackElo "2260"]
[Annotator "NA"]
[PlyCount "70"]
[EventDate "2020.05.28"]
[EventType "swiss (blitz)"]

1. e4 {[%emt 0:00:02]} c5 {[%emt 0:00:01]} 2. b3 {[%emt 0:00:01]} d6 {[%emt 0:00:03]} 3. Bb2 {[%emt 0:00:01]} Nf6 {[%emt 0:00:03]} 4. Bb5+ {[%emt 0:00:01]} Bd7 {[%emt 0:00:01]} 5. Bxd7+ {[%emt 0:00:01]} Qxd7 {[%emt 0:00:01]} 6. d3 {[%emt 0:00:04]} g6 {[%emt 0:00:02]} 7. f4 {[%emt 0:00:07]} Bg7 {[%emt 0:00:03]} 8. Nf3 {[%emt 0:00:04]} O-O {[%emt 0:00:02]} 9. O-O {[%emt 0:00:01]} Nc6 {[%emt 0:00:01]} 10. Nbd2 {[%emt 0:00:03]} Rac8 {[%emt 0:00:16]} 11. Qe2 {[%emt 0:00:38]} Nd4 {[%emt 0:00:19]} 12. Nxd4 {[%emt 0:00:09]} cxd4 {[%emt 0:00:27]} 13. Nf3 {[%emt 0:00:01]} Qc7 {[%emt 0:00:12]} 14. Rac1 {[%emt 0:00:22]} Nh5 {[%emt 0:00:24]} 15. f5 {[%emt 0:00:46]} e5 {[%emt 0:00:05]} 16. fxe6 {[%emt 0:00:12]} fxe6 {[%emt 0:00:01]} 17. Rf2 {[%emt 0:00:04]} Bh6 {[%emt 0:00:10]} 18. Nxd4 {[%emt 0:00:07]} Rxf2 {[%emt 0:00:07]} 19. Qxf2 {[%emt 0:00:03]} Bxc1 {[%emt 0:00:06]} 20. Bxc1 {[%emt 0:00:01]} e5 {[%emt 0:00:01]} 21. Nb5 {[%emt 0:00:18]} Qxc2 {[%emt 0:00:03]} 22. Qxc2 {[%emt 0:00:00]} Rxc2 {[%emt 0:00:01]} 23. Be3 {[%emt 0:00:00]} Rxa2 {[%emt 0:00:06]} 24. Nxd6 {[%emt 0:00:02]} Rb2 {[%emt 0:00:04]} 25. Bxa7 {[%emt 0:00:13]} Rxb3 {[%emt 0:00:08]} 26. d4 {[%emt 0:00:04]} exd4 {[%emt 0:00:05]} 27. Bxd4 {[%emt 0:00:00]} Nf4 {[%emt 0:00:00]} 28. Kf1 {[%emt 0:00:15]} b5 {[%emt 0:00:06]} 29. Nb7 {[%emt 0:00:10]} b4 {[%emt 0:00:08]} 30. Nc5 {[%emt 0:00:02]} Ra3 {[%emt 0:00:03]} 31. Be5 {[%emt 0:00:02]} Nd3 {[%emt 0:00:03]} 32. Bd6 {[%emt 0:00:01]} Nxc5 {[%emt 0:00:03]} 33. Bxc5 {[%emt 0:00:00]} Ra1+ {[%emt 0:00:01]} 34. Ke2 {[%emt 0:00:01]} b3 {[%emt 0:00:01]} 35. Bd4 {[%emt 0:00:01]} b2 {[%emt 0:00:01] Durarbeyli Vasif resigns (Lag: Av=0.58s, max=1.1s)} 0-1

[Event "Silkway Cup"]
[Site "T#646345FIDE"]
[Date "2020.05.28"]
[Round "8"]
[White "AbasovN"]
[Black "Kranke07"]
[Result "1/2-1/2"]
[WhiteElo "2610"]
[BlackElo "2011"]
[Annotator "NA"]
[PlyCount "85"]
[EventDate "2020.05.28"]
[EventType "swiss (blitz)"]

1. d4 {[%emt 0:00:03]} d5 {[%emt 0:00:03]} 2. c4 {[%emt 0:00:01]} dxc4 {[%emt 0:00:01]} 3. e3 {[%emt 0:00:02]} Nf6 {[%emt 0:00:03]} 4. Bxc4 {[%emt 0:00:01]} e6 {[%emt 0:00:01]} 5. Nf3 {[%emt 0:00:01]} a6 {[%emt 0:00:02]} 6. O-O {[%emt 0:00:01]} b5 {[%emt 0:00:06]} 7. Be2 {[%emt 0:00:03]} Bb7 {[%emt 0:00:01]} 8. a4 {[%emt 0:00:00]} b4 {[%emt 0:00:02]} 9. Nbd2 {[%emt 0:00:00]} Be7 {[%emt 0:00:03]} 10. Nc4 {[%emt 0:00:02]} a5 {[%emt 0:00:07]} 11. Nfe5 {[%emt 0:00:06]} Nbd7 {[%emt 0:00:20]} 12. Bf3 {[%emt 0:00:07]} Bxf3 {[%emt 0:00:01]} 13. Qxf3 {[%emt 0:00:00]} Nxe5 {[%emt 0:00:18]} 14. Nxe5 {[%emt 0:00:02]} Qd5 {[%emt 0:00:06]} 15. Qxd5 {[%emt 0:00:17]} Nxd5 {[%emt 0:00:04]} 16. e4 {[%emt 0:00:01]} Nb6 {[%emt 0:00:10]} 17. Be3 {[%emt 0:00:05]} f6 {[%emt 0:00:06]} 18. Nc6 {[%emt 0:00:10]} Kd7 {[%emt 0:00:12]} 19. Rfc1 {[%emt 0:00:02]} Rhc8 {[%emt 0:00:01]} 20. b3 {[%emt 0:00:06]} Ra6 {[%emt 0:00:02]} 21. Rc2 {[%emt 0:00:09]} Nc4 {[%emt 0:00:25]} 22. Nxe7 {[%emt 0:00:10]} Nxe3 {[%emt 0:00:01]} 23. fxe3 {[%emt 0:00:00]} Kxe7 {[%emt 0:00:01]} 24. Rac1 {[%emt 0:00:04]} Kd7 {[%emt 0:00:01]} 25. Kf2 {[%emt 0:00:02]} c6 {[%emt 0:00:18]} 26. Rc5 {[%emt 0:00:05]} Re8 {[%emt 0:00:08]} 27. e5 {[%emt 0:00:06]} f5 {[%emt 0:00:02]} 28. h4 {[%emt 0:00:06]} Rf8 {[%emt 0:00:04]} 29. Kf3 {[%emt 0:00:01]} g6 {[%emt 0:00:02] Kranke07 offers a draw} 30. Kf4 {[%emt 0:00:36]} h6 {[%emt 0:00:02]} 31. R1c2 {[%emt 0:00:01]} Rg8 {[%emt 0:00:12]} 32. e4 {[%emt 0:00:04]} Rf8 {[%emt 0:00:06]} 33. exf5 {[%emt 0:00:10]} Rxf5+ {[%emt 0:00:03]} 34. Ke3 {[%emt 0:00:04]} Rf1 {[%emt 0:00:09]} 35. Rc1 {[%emt 0:00:09]} Rf7 {[%emt 0:00:02]} 36. R5c2 {[%emt 0:00:09]} Kc7 {[%emt 0:00:04]} 37. Rf2 {[%emt 0:00:10]} Rxf2 {[%emt 0:00:02]} 38. Kxf2 {[%emt 0:00:00]} Ra8 {[%emt 0:00:00]} 39. Ke3 {[%emt 0:00:02]} Rf8 {[%emt 0:00:03]} 40. g3 {[%emt 0:00:04]} Rf7 {[%emt 0:00:12]} 41. Ke2 {[%emt 0:00:02]} Kb6 {[%emt 0:00:06]} 42. Ke3 {[%emt 0:00:08]} Kc7 {[%emt 0:00:03]} 43. Ke2 {[%emt 0:00:08] AbasovN offers a draw (Lag: Av=0.64s, max=3.2s)} 1/2-1/2

[Event "Silkway Cup"]
[Site "T#646345FIDE"]
[Date "2020.05.28"]
[Round "8"]
[White "Belusi"]
[Black "Luka oboladze"]
[Result "0-1"]
[WhiteElo "2407"]
[BlackElo "2252"]
[Annotator "TA"]
[PlyCount "23"]
[EventDate "2020.05.28"]
[EventType "swiss (blitz)"]

{[%evp 9,23,0,0,-10,-2,-15,6,-12,-27,-10,14,14,22,17,31,-946]} 1. d4 Nf6 2. c4 e6 3. Nf3 d5 4. g3 Bb4+ 5. Nc3 dxc4 6. Qa4+ {E20: Nimzo-Indian: 4 g3 and 4 f3.} Nc6 7. Bg2 O-O 8. O-O {The position is equal.} Nd5 9. Qc2 Nxc3 10. bxc3 Be7 11. Qa4 {[#]} Bd7 $146 ({Predecessor:} 11... Qd5 12. Ne5 Qd8 13. Nxc6 bxc6 14. Qxc6 Rb8 15. Qxc4 Rb6 16. Re1 Qd7 17. Qd3 Ba6 18. Qc2 Rfb8 {1-0 (43) Schlueter,B-Ellenberg,E Germany 1991}) 12. Qb4 $2 {[%mdl 8192]} (12. Qxc4 $14 f6 13. Rb1) 0-1

[Event "Silkway Cup"]
[Site "T#646345FIDE"]
[Date "2020.05.28"]
[Round "8"]
[White "Sadikhov_Ulvi"]
[Black "Ka ch"]
[Result "1/2-1/2"]
[WhiteElo "2280"]
[BlackElo "2207"]
[PlyCount "83"]
[EventDate "2020.05.28"]
[EventType "swiss (blitz)"]

1. e4 {[%emt 0:00:01]} d6 {[%emt 0:00:01]} 2. d4 {[%emt 0:00:01]} Nf6 {[%emt 0:00:00]} 3. Nc3 {[%emt 0:00:02]} e5 {[%emt 0:00:01]} 4. Nf3 {[%emt 0:00:04]} Nbd7 {[%emt 0:00:01]} 5. Bc4 {[%emt 0:00:02]} Be7 {[%emt 0:00:01]} 6. a4 {[%emt 0:00:01]} O-O {[%emt 0:00:01]} 7. O-O {[%emt 0:00:02]} a5 {[%emt 0:00:01]} 8. Re1 {[%emt 0:00:04]} c6 {[%emt 0:00:02]} 9. h3 {[%emt 0:00:01]} h6 {[%emt 0:00:02]} 10. Ba2 {[%emt 0:00:06]} Re8 {[%emt 0:00:01]} 11. Be3 {[%emt 0:00:23]} exd4 {[%emt 0:00:02]} 12. Nxd4 {[%emt 0:00:05]} Bf8 {[%emt 0:00:04]} 13. Bf4 {[%emt 0:00:09]} Nc5 {[%emt 0:00:06]} 14. Qf3 {[%emt 0:00:06]} Ne6 {[%emt 0:00:17]} 15. Nxe6 {[%emt 0:00:07]} Bxe6 {[%emt 0:00:03]} 16. Bxe6 {[%emt 0:00:02]} Rxe6 {[%emt 0:00:05]} 17. Rad1 {[%emt 0:00:03]} Qb6 {[%emt 0:00:07]} 18. b3 {[%emt 0:00:15]} Rae8 {[%emt 0:00:05]} 19. Kf1 {[%emt 0:00:29]} Qb4 {[%emt 0:00:28]} 20. Bd2 {[%emt 0:00:02]} Qc5 {[%emt 0:00:03]} 21. Bc1 {[%emt 0:00:08]} d5 {[%emt 0:00:12]} 22. exd5 {[%emt 0:00:06]} Rxe1+ {[%emt 0:00:02]} 23. Rxe1 {[%emt 0:00:01]} Rxe1+ {[%emt 0:00:02]} 24. Kxe1 {[%emt 0:00:01]} cxd5 {[%emt 0:00:08]} 25. Qd3 {[%emt 0:00:06]} d4 {[%emt 0:00:13]} 26. Ne2 {[%emt 0:00:05]} Qd6 {[%emt 0:00:59]} 27. Bf4 {[%emt 0:00:14]} Qd5 {[%emt 0:00:10]} 28. f3 {[%emt 0:00:05]} Bc5 {[%emt 0:00:04]} 29. Bd2 {[%emt 0:00:04]} b6 {[%emt 0:00:04]} 30. Kf2 {[%emt 0:00:11]} Nd7 {[%emt 0:00:03]} 31. Nf4 {[%emt 0:00:08]} Qd6 {[%emt 0:00:05]} 32. Ke2 {[%emt 0:00:05]} g6 {[%emt 0:00:12]} 33. Qe4 {[%emt 0:00:05]} Nf6 {[%emt 0:00:04]} 34. Qa8+ {[%emt 0:00:16]} Kg7 {[%emt 0:00:03]} 35. Nd3 {[%emt 0:00:13]} Qh2 {[%emt 0:00:08]} 36. f4 {[%emt 0:00:00]} Nh5 {[%emt 0:00:03]} 37. Qf3 {[%emt 0:00:12]} Ng3+ {[%emt 0:00:03]} 38. Kf2 {[%emt 0:00:01]} Nh1+ {[%emt 0:00:02]} 39. Kf1 {[%emt 0:00:01]} Ng3+ {[%emt 0:00:01]} 40. Kf2 {[%emt 0:00:02]} Nh1+ {[%emt 0:00:02]} 41. Kf1 {[%emt 0:00:06]} Ng3+ {[%emt 0:00:01]} 42. Kf2 {[%emt 0:00:00] (Lag: Av=0.52s, max=1.1s)} 1/2-1/2

[Event "Silkway Cup"]
[Site "T#646345FIDE"]
[Date "2020.05.28"]
[Round "8"]
[White "Rasulov Vugar"]
[Black "Massapi"]
[Result "1-0"]
[WhiteElo "2195"]
[BlackElo "2575"]
[Annotator "TA"]
[PlyCount "131"]
[EventDate "2020.05.28"]
[EventType "swiss (blitz)"]

{[%evp 13,131,12,20,0,0,0,0,0,0,-23,0,0,24,20,14,6,8,4,12,8,11,8,12,7,12,4,10,6,102,95,104,0,0,5,9,8,3,4,8,0,0,0,0,0,0,0,0,0,6,7,22,4,5,10,12,0,0,0,0,0,0,0,0,0,0,0,0,0,0,0,0,0,0,0,0,0,0,0,0,0,0,0,0,0,0,0,19,19,19,19,27,22,281,112,116,113,1016,923,9132,2201,29952,29953,29949,29952,29950,29953,29952,29949,12795,12744,12791,9155,8310,7868,29986,29987,29987,29988,29988,29986]} 1. d4 Nf6 2. c4 g6 3. Nf3 Bg7 4. g3 d6 5. Bg2 O-O 6. O-O Nc6 7. b3 e5 {7...e5 is better than 7...a6.} 8. dxe5 {E60: King's Indian: Unusual lines and Fianchetto Variation without Nc3.} dxe5 {Hoping for ...e4.} 9. Bb2 $1 e4 10. Nd4 {The position is equal.} Nxd4 11. Qxd4 {[#]} Qxd4 $146 ({Predecessor:} 11... Bg4 12. f3 exf3 13. exf3 Bf5 14. Qf2 Be6 15. Nc3 Ng4 16. fxg4 Bd4 17. Ne4 Bxf2+ 18. Rxf2 {1-0 (32) Jirovsky,M (2505)-Rasik,V (2455) Pribram 1997}) 12. Bxd4 Bf5 13. Nc3 c6 14. Rad1 Rfe8 15. h3 h5 $1 16. Rd2 Bh6 17. e3 Nh7 18. g4 hxg4 19. hxg4 Bxg4 20. Nxe4 Bg7 (20... Rad8 $11 {remains equal.}) 21. Nd6 $16 Re7 22. Bc5 (22. Nxb7 $16 {Threatens to win with Na5.} Rxb7 23. Bxc6) 22... Rd7 $11 23. f3 Be6 24. Rfd1 b6 25. Ba3 Rad8 26. Ne4 (26. Kf2 {with more complications.} c5 27. Ke2 Be5 28. Nb5 a6 29. Na7) 26... Rxd2 27. Rxd2 Rxd2 28. Nxd2 c5 29. Kf2 Nf6 30. f4 Ng4+ 31. Ke2 f5 32. b4 cxb4 33. Bxb4 Bf8 34. Bc3 Bc5 35. Bd4 Bb4 36. Bd5 Kf7 37. Nf3 {And now Ng5+ would win.} Ke7 38. Nh4 Bf7 39. Kf3 (39. e4 {is more complex.} fxe4 40. Bxe4 Bxc4+ 41. Kf3 Nh2+ 42. Kg2) 39... Nf6 40. Bxf7 Kxf7 {[%mdl 4096] Endgame KBN-KBN} 41. Ke2 Nd7 42. Kd3 Nc5+ 43. Bxc5 Bxc5 {KB-KN} 44. e4 fxe4+ 45. Kxe4 Kf6 46. Nf3 Bd6 47. Nd4 Bc5 48. Nb5 a5 49. Nc7 Bd6 50. Nd5+ {[%mdl 64] Double Attack} Ke6 51. Nxb6 Bc5 52. Nd5 a4 $2 {[%mdl 8192] [#]} (52... Bf8 $11 {and Black is okay.}) 53. Nc3 $2 (53. Nc7+ $1 $18 {and the rest is easy.} Kd6 54. Nb5+ Kd7 55. Nd4) 53... a3 $16 54. Nb5 {Nd4+ is the strong threat.} Kd7 $2 {[%mdl 8192]} (54... Be7 $16 55. Nd4+ Kf6) 55. Nd4 $18 Kd6 {[#]} 56. Nf3 $1 {[%cal Rf3e5]} Ke6 57. Ne5 Bb4 58. Nxg6 Kd6 59. f5 Bc3 60. Nf4 Kc5 61. Kd3 Bf6 62. Nd5 Bg5 63. Nc3 {Intending Ne4+ and mate.} Kd6 64. Ne4+ {[%mdl 64] Double Attack. White mates.} Ke5 65. Nxg5 Kxf5 66. Ne4 {Accuracy: White = 92%, Black = 73%.} 1-0

[Event "Silkway Cup"]
[Site "T#646345FIDE"]
[Date "2020.05.28"]
[Round "8"]
[White "GIGA QUPARADZE"]
[Black "Gaguna"]
[Result "1/2-1/2"]
[WhiteElo "2189"]
[BlackElo "1914"]
[PlyCount "75"]
[EventDate "2020.05.28"]
[EventType "swiss (blitz)"]

1. e4 {[%emt 0:00:03]} e5 {[%emt 0:00:01]} 2. Nf3 {[%emt 0:00:02]} Nc6 {[%emt 0:00:01]} 3. Bb5 {[%emt 0:00:02]} a6 {[%emt 0:00:01]} 4. Ba4 {[%emt 0:00:01]} Nf6 {[%emt 0:00:01]} 5. O-O {[%emt 0:00:01]} b5 {[%emt 0:00:03]} 6. Bb3 {[%emt 0:00:02]} Bc5 {[%emt 0:00:01]} 7. d3 {[%emt 0:00:13]} h6 {[%emt 0:00:07]} 8. a4 {[%emt 0:00:01]} Rb8 {[%emt 0:00:02]} 9. axb5 {[%emt 0:00:07]} axb5 {[%emt 0:00:01]} 10. Nc3 {[%emt 0:00:02]} d6 {[%emt 0:00:02]} 11. Nd5 {[%emt 0:00:03]} O-O {[%emt 0:00:02]} 12. c3 {[%emt 0:00:02]} Nxd5 {[%emt 0:00:18]} 13. Bxd5 {[%emt 0:00:03]} Ne7 {[%emt 0:00:02]} 14. Bb3 {[%emt 0:00:02]} Ng6 {[%emt 0:00:11]} 15. d4 {[%emt 0:00:03]} Bb6 {[%emt 0:00:02]} 16. h3 {[%emt 0:00:02]} Qe7 {[%emt 0:00:04]} 17. Re1 {[%emt 0:00:02]} Be6 {[%emt 0:00:02]} 18. Be3 {[%emt 0:00:09]} Bxb3 {[%emt 0:00:23]} 19. Qxb3 {[%emt 0:00:00]} Nh4 {[%emt 0:00:16]} 20. Nxh4 {[%emt 0:00:05]} Qxh4 {[%emt 0:00:01]} 21. dxe5 {[%emt 0:00:01]} dxe5 {[%emt 0:00:07]} 22. Qd5 {[%emt 0:00:03]} Qf6 {[%emt 0:00:10]} 23. Bxb6 {[%emt 0:00:04]} Rxb6 {[%emt 0:00:02]} 24. Ra7 {[%emt 0:00:01]} c6 {[%emt 0:00:13]} 25. Qc5 {[%emt 0:00:03]} Rbb8 {[%emt 0:00:03]} 26. Ra6 {[%emt 0:00:06]} Rbc8 {[%emt 0:00:06]} 27. Rd1 {[%emt 0:00:02]} Rfd8 {[%emt 0:00:18]} 28. Rf1 {[%emt 0:00:15]} Rd2 {[%emt 0:00:08] Gaguna offers a draw} 29. b4 {[%emt 0:00:23]} Qd6 {[%emt 0:00:03]} 30. Qb6 {[%emt 0:00:09]} Rd3 {[%emt 0:00:12]} 31. Rc1 {[%emt 0:00:06]} Rd1+ {[%emt 0:00:04]} 32. Rxd1 {[%emt 0:00:01]} Qxd1+ {[%emt 0:00:01]} 33. Kh2 {[%emt 0:00:01]} Qc1 {[%emt 0:00:05]} 34. Qb7 {[%emt 0:00:37]} Qf4+ {[%emt 0:00:04]} 35. Kg1 {[%emt 0:00:03]} Qc1+ {[%emt 0:00:08]} 36. Kh2 {[%emt 0:00:01]} Qf4+ {[%emt 0:00:05]} 37. Kg1 {[%emt 0:00:02]} Qc1+ {[%emt 0:00:08]} 38. Kh2 {[%emt 0:00:03] (Lag: Av=0.62s, max=1.2s)} 1/2-1/2